000 00492nam a2200121Ia 4500
008 160712s9999 xx 000 0 und d
100 _aAguiling-Dalisay, Grace H.
245 _cGrace H. Aguiling-Dalisay
_aSikolohiyang Pilipino sa Ugnayan ng Pahinungod: Pakikipagkapwa at Pagbabangong-dangal ng mga Pilipino
260 _c2013
_bDaluyan: Journal ng Wikang Filipino
300 _avol. 19 no. 2
650 _xFILIPINO
856 _uhttp://journals.upd.edu.ph/index.php/djwf/issue/view/396/showToc
999 _c297290
_d297290